Retail manažéri – zručnosti a budúcnosť

Príspevok je orientovaný na problematiku retail manažérov. Cieľom je predstaviť súčasné požiadavky na vlastnosti retail manažérov a ako vnímajú ich napĺňanie študenti programu Podnikový obchod a marketing. Následne sa snažíme poukázať na predpokladaný vývoj v nárokoch na prácu týchto manažérov.

Saved in:
Bibliographic Details
Main Author: Gajdoš, Jozef, 1962-2025
Format: Book Chapter
Language:Slovak
Subjects:
Tags: Add Tag
No Tags, Be the first to tag this record!

MARC

LEADER 00000naa$a2200000$$$4500
001 0289903
005 20240502074439.5
041 0 |a slo 
044 |a SK 
245 1 0 |a Retail manažéri – zručnosti a budúcnosť  |c Jozef Gajdoš 
520 |a Príspevok je orientovaný na problematiku retail manažérov. Cieľom je predstaviť súčasné požiadavky na vlastnosti retail manažérov a ako vnímajú ich napĺňanie študenti programu Podnikový obchod a marketing. Následne sa snažíme poukázať na predpokladaný vývoj v nárokoch na prácu týchto manažérov. 
610 2 0 |a manažéri 
610 2 0 |a náplň pracovná 
610 2 0 |a zručnosti 
610 2 0 |a študenti 
610 2 0 |a vývoj 
100 1 |a Gajdoš, Jozef, 1962-2025